Local landscape protection may go (Record no. 117492)
[ view plain ]
| 000 -LEADER | |
|---|---|
| fixed length control field | 01079cam a2200229 4500 |
| 001 - CONTROL NUMBER | |
| control field | WB4022-15 |
| 008 - FIXED-LENGTH DATA ELEMENTS--GENERAL INFORMATION | |
| fixed length control field | 040609n2004 000 0 eng u |
| 035 ## - SYSTEM CONTROL NUMBER | |
| System control number | (Sirsi) u126443 |
| 245 ## - TITLE STATEMENT | |
| Title | Local landscape protection may go |
| 260 ## - PUBLICATION, DISTRIBUTION, ETC. | |
| Date of publication, distribution, etc. | 2004 |
| 490 ## - SERIES STATEMENT | |
| Series statement | CPRE Press Release |
| Volume/sequential designation | (31/04) 9 June 2004 (2) |
| 520 ## - SUMMARY, ETC. | |
| Summary, etc. | Countryside campaigners are appealing to the government to retain the right for local communities to safeguard the most valued landscapes by giving them protected status in local planning policies. The campaign is a result of proposed planning policies, which would scrap local landscape designations. The ODPM consultation paper "Draft Planning Policy Statement (PPS) 7: sustainable development in rural areas" is available to view at http://www.planning.odpm.gov.uk. http://www.cpre.org.uk/news-releases/news-rel-2004 /31-04.htm |
| 590 ## - LOCAL NOTE (RLIN) | |
| Local note | WB |
| 590 ## - LOCAL NOTE (RLIN) | |
| Local note | WB |
| 650 ## - SUBJECT ADDED ENTRY--TOPICAL TERM | |
| Topical term or geographic name entry element | LANDSCAPES |
| 650 ## - SUBJECT ADDED ENTRY--TOPICAL TERM | |
| Topical term or geographic name entry element | LOCAL PLANNING |
| 650 ## - SUBJECT ADDED ENTRY--TOPICAL TERM | |
| Topical term or geographic name entry element | LANDSCAPE DESIGNATIONS |
| 650 ## - SUBJECT ADDED ENTRY--TOPICAL TERM | |
| Topical term or geographic name entry element | DEVELOPMENT AREAS |
| 650 ## - SUBJECT ADDED ENTRY--TOPICAL TERM | |
| Topical term or geographic name entry element | PPS 7 |
| 690 ## - LOCAL SUBJECT ADDED ENTRY--TOPICAL TERM (OCLC, RLIN) | |
| Topical term or geographic name as entry element | RURAL |
| 9 (RLIN) | 6268 |
| 942 ## - ADDED ENTRY ELEMENTS (KOHA) | |
| Suppress in OPAC | 0 |
| Withdrawn status | Lost status | Source of classification or shelving scheme | Damaged status | Not for loan | Home library | Current library | Shelving location | Date acquired | Total Checkouts | Full call number | Barcode | Date last seen | Copy number | Price effective from | Koha item type |
|---|---|---|---|---|---|---|---|---|---|---|---|---|---|---|---|
| Dewey Decimal Classification | London | London | News article | 09/06/2004 | WB4022-15 | 126443-1001 | 06/08/2019 | 1 | 06/08/2019 | News article |